LEADER 01619nam 2200397 450 001 9910412115803321 005 20230822060953.0 035 $a(CKB)5280000000242824 035 $a(NjHacI)995280000000242824 035 $a(EXLCZ)995280000000242824 100 $a20230822d2019 uy 0 101 0 $aeng 135 $aur||||||||||| 181 $ctxt$2rdacontent 182 $cc$2rdamedia 183 $acr$2rdacarrier 200 00$aProceedings of the 15th International Symposium on Open Collaboration /$forganizers, Bjo?rn Lundell [and three others] 210 1$aNew York :$cAssociation for Computing Machinery,$d2019. 215 $a1 online resource (197 pages) $cillustrations 225 0 $aACM Conferences 311 $a1-4503-6319-9 330 $aWe are very pleased to host the premier conference on open collaboration research and practice at the University of SkA?ĥvde, Sweden and thereby promote stimulating discussions and dissemination of results in many areas of open collaboration, including open source, open data, open science, open education, wikis and related social media, Wikipedia, and IT-driven open innovation research. 606 $aOpen learning 606 $aWeb sites$xDesign 606 $aOpen source software 615 0$aOpen learning. 615 0$aWeb sites$xDesign. 615 0$aOpen source software. 676 $a374.4 702 $aLundell$b Bjo?rn 801 0$bNjHacI 801 1$bNjHacl 906 $aBOOK 912 $a9910412115803321 996 $aProceedings of the 15th International Symposium on Open Collaboration$91965670 997 $aUNINA LEADER 01160nam 2200253la 450 001 9910482618003321 005 20221102161833.0 035 $a(UK-CbPIL)2090368202 035 $a(CKB)5500000000092994 035 $a(EXLCZ)995500000000092994 100 $a20221102d1582 uy | 101 0 $aita 135 $aurcn||||a|bb| 200 10$aCompendio dell'arte essorcistica, et possibilita? delle mirabili, et stupende operatione delli demoni, et dei malefici. Con li rimedii opportuni alle infermita? maleficiali / ... Con una copiosissima gionta dell'istesso autore 210 $aBologna $cGiovanni Rossi$d1582 215 $aOnline resource ([10] leaves, 614 p., [29] leaves : t.p. in red & black with woodcut border , (8vo)) 300 $aReproduction of original in The Wellcome Library, London. 700 $aMenghi$b Girolamo$f1529-1609.$0909614 801 0$bUk-CbPIL 801 1$bUk-CbPIL 906 $aBOOK 912 $a9910482618003321 996 $aCompendio dell'arte essorcistica, et possibilità delle mirabili, et stupende operatione delli demoni, et dei malefici. Con li rimedii opportuni alle infermità maleficiali$92035508 997 $aUNINA